Siri Kadike: Jagatika Buntra Sammelana Smarana Sanchike 2002 (Record no. 223429)

MARC details
000 -LEADER
fixed length control field 00779nam a22001937a 4500
005 - DATE AND TIME OF LATEST TRANSACTION
control field 20260312161543.0
008 - FIXED-LENGTH DATA ELEMENTS--GENERAL INFORMATION
fixed length control field 220621b ||||| |||| 00| 0 eng d
040 ## - CATALOGING SOURCE
Transcribing agency AL
041 ## - LANGUAGE CODE
Language code of text/sound track or separate title Kannada
082 ## - DEWEY DECIMAL CLASSIFICATION NUMBER
Edition number 23
Classification number K894.9
Item number SHES
100 ## - MAIN ENTRY--PERSONAL NAME
Personal name S Jayarama Shetty
100 ## - MAIN ENTRY--PERSONAL NAME
Personal name ಎಸ್ ಜಯರಾಮ ಶೆಟ್ಟಿ
100 ## - MAIN ENTRY--PERSONAL NAME
9 (RLIN) 258678
100 ## - MAIN ENTRY--PERSONAL NAME
9 (RLIN) 258679
245 ## - TITLE STATEMENT
Title Siri Kadike: Jagatika Buntra Sammelana Smarana Sanchike 2002
Remainder of title ಸಿರಿ ಕದಿಕೆ: ಜಾಗತಿಕ ಬಂಟರ ಸಮ್ಮೇಳನ ಸ್ಮರಣ ಸಂಚಿಕೆ 2002
260 ## - PUBLICATION, DISTRIBUTION, ETC.
Place of publication, distribution, etc. Mangalore
Name of publisher, distributor, etc. Buntara Yane Nadavara Mathra Sangha
Date of publication, distribution, etc. 2002
300 ## - PHYSICAL DESCRIPTION
Extent 289 p.
Other physical details PB
Dimensions 28x22 cm.
650 ## - SUBJECT ADDED ENTRY--TOPICAL TERM
Topical term or geographic name entry element Jagatika Buntra Sammelana Smarana Sanchike
9 (RLIN) 44234
700 ## - ADDED ENTRY--PERSONAL NAME
Personal name Shetty (S Jayarama ) Ed
9 (RLIN) 44235
942 ## - ADDED ENTRY ELEMENTS (KOHA)
Source of classification or shelving scheme Dewey Decimal Classification
Koha item type George Fernandes Collections
Holdings
Withdrawn status Lost status Source of classification or shelving scheme Damaged status Not for loan Collection code Home library Current library Date acquired Total Checkouts Full call number Barcode Date last seen Price effective from Koha item type
    Dewey Decimal Classification     Kannada St Aloysius Library St Aloysius Library 03/23/2013   K894.9 SHES GF03011 06/21/2022 06/21/2022 George Fernandes Collections
    Dewey Decimal Classification     Kannada St Aloysius Library St Aloysius Library 03/23/2013   K894.9 SHES GF03012 06/21/2022 06/21/2022 George Fernandes Collections